00792nam a22002297a 4500999001500000001000600015003000900021005001700030008004100047020001800088040003300106082001600139100001700155245011800172250002000290260004600310300002600356500001200382650003400394942001200428952012200440 c8266d826621788BD-DhUAP20230405121949.0121226s2012 bg 000 | eng d a9789845062558 aDLCbengcBD-DhUAPdBD-DhUAP04a821 HAQ2231 aHaq, Kaiser.10aPublished in the streets of Dhaka :bcollected poems : with new poems including "Ode on the lungi" /cKaiser Haq. a2nd revised ed. aDhaka :bUniversity Press Limited,c2012. axiv, 296 p. ;c22 cm. aPoetry. aBangladeshi poetry (English). 2ddccBK 00102ddc4070aUAPCLbUAPCLcGeneral Stacksd2023-04-05o821 HAQp3010021788r2023-04-05t1v750.00w2023-04-05yBK